Statistics for Minecraft Ultimate Quiz

Click here to take the quiz!

General Stats

  • This quiz has been taken 99 times
  • The average score is 4 of 6

Answer Stats

QuestionAnswer% Correct
Where can you find Endermen in Minecraft?Caves, Dark Places, and in the End
98%
Who is the most subscribed Minecraft YouTuber?DanTDM
80%
When was Minecraft first distributed?2009
78%
What was the official name for the 1.14 update?The Village and Pillage Update
57%
What was the main feature in the 1.0 update?The End
53%
How many people have bought Minecraft (PC, Mac, Xbox, PlayStation, Pocket Edition)82,530,000
37%

Score Distribution

Percentile by Number Answered

Percent of People with Each Score

Your Score History

You have not taken this quiz